The Study of Botany / (Record no. 6905)
[ view plain ]
| 000 -LEADER | |
|---|---|
| fixed length control field | 00708nam a22002537a 4500 |
| 001 - CONTROL NUMBER | |
| JCCL Control Number | 6905 |
| 003 - CONTROL NUMBER IDENTIFIER | |
| JCCL marc code | BD-JhCC |
| 005 - DATE AND TIME OF LATEST TRANSACTION | |
| control field | 20180301195342.0 |
| 008 - FIXED-LENGTH DATA ELEMENTS--GENERAL INFORMATION | |
| fixed length control field | 180131b xxu||||| |||| 00| 0 eng d |
| 035 ## - SYSTEM CONTROL NUMBER | |
| system control number | (BD-JhCC)6905 |
| 040 ## - CATALOGING SOURCE | |
| Original cataloging agency | BD-JhCC |
| Modifying agency | BD-JhCC |
| 041 ## - LANGUAGE CODE | |
| Language code of Book | eng |
| 082 ## - DEWEY DECIMAL CLASSIFICATION NUMBER | |
| Classification number | 518 |
| Author mark and Year | PRE 1970 |
| 100 ## - MAIN ENTRY--PERSONAL NAME | |
| Personal name | Preston, Adams |
| Titles and other words associated with a name | 1930- |
| 245 ## - TITLE STATEMENT | |
| Title | The Study of Botany / |
| Statement of responsibility, etc | Adams Preston, Jeffrey J W Baker; Garland E Allen |
| 260 ## - PUBLICATION, DISTRIBUTION, ETC. (IMPRINT) | |
| Place of publication, distribution, etc | London : |
| Name of publisher, distributor, etc | Addison - wesley Publishin company, |
| Date of publication, distribution, etc | 1970. |
| 300 ## - PHYSICAL DESCRIPTION | |
| Pagination | 556 p. : |
| Dimensions | 26 cm. |
| 490 ## - SERIES STATEMENT | |
| Series statement | Addison-Wesley series in life science |
| 650 ## - SUBJECT ADDED ENTRY--TOPICAL TERM | |
| Topical term or geographic name as entry element | Botany |
| 700 ## - ADDED ENTRY--PERSONAL NAME | |
| Personal name | Baker, Jeffrey J W |
| 700 ## - ADDED ENTRY--PERSONAL NAME | |
| Personal name | Allen, Garland E |
| 942 ## - ADDED ENTRY ELEMENTS (KOHA) | |
| Source of classification or shelving scheme | Dewey Decimal Classification |
| Koha item type | Books |
| Source of classification or shelving scheme | Damaged status | Not for loan | Home library | Current library | Shelving location | Total Checkouts | Full call number | Barcode | Date last seen | Copy number | Koha item type |
|---|---|---|---|---|---|---|---|---|---|---|---|
| Dewey Decimal Classification | JCC Rouf Library | JCC Rouf Library | General Stacks | 518 PRE 1970 | 9027 | 01/31/2018 | C-1 | Books |